Responses for show #7595 - Friday, September 22, 2017

Contestants

[<< previous game]

Ivan Plis, a magazine editor from Washington, D.C.

Lauren Cusitello, a criminal and immigration defense lawyer from San Diego, California

Betsy Knudson, an attorney from Salt Lake City, Utah (whose 3-day cash winnings total $61,402)

[next game >>]

Jeopardy! Round responses

TIME FOR A DRINK
ANIMALS WITH BEASTLY NAMES
KIDDY LIT
OMAR'S COMIN'!
4-SYLLABLE WORDS
I'M NO QUITTER
    $200 12
a mimosa

Betsy
    $200 1
a dragonfly

Ivan
    $200 7
Tinker Bell

Lauren
    $200 16
Panama

Lauren
    $200 2
identical

Lauren
    $200 23
(Andre) Agassi

Lauren
    $400 13
a Bloody Caesar

Triple Stumper
    $400 9
a prairie dog

Lauren
    $400 8
Horton

Ivan
    $400 19
The Wire

Ivan
    $400 3
horizontal

Betsy
    $400 24
Brett Favre

Lauren
    $600 14
Sex on the Beach

Lauren
    $600 28
a cat-bear (or bear-cat)

Ivan
    $1,400 10
(Lauren: What is "Rumpelstiltskin"?)

"Sleeping Beauty"

Lauren
    $600 20
(Omar) Khayyam

Ivan
    $600 4
segregation

Betsy
    $600 25
Tommy John

Lauren
    $800 17
a shandy

Betsy
    $800 29
a lizard

Triple Stumper
    $800 11
Amelia Bedelia

Ivan
    $800 21
Omar Sharif

Ivan
    $800 5
mandatory

Lauren
    $800 26
Rush

Betsy
    $1000 18
a Moscow Mule

Ivan
    $1000 30
guinea pigs

Betsy
    $1000 15
Nutkin

Ivan
    $1000 22
Omar Bradley

Ivan
    $1000 6
intermittent

Lauren
    $1000 27
Marion Jones

Betsy

Scores at the first commercial break (after clue 15):

Betsy Lauren Ivan
$1,200 $1,800 $2,400

Scores at the end of the Jeopardy! Round:

Betsy Lauren Ivan
$4,800 $3,200 $6,800

Double Jeopardy! Round responses

BELLY UP TO THE ZANZIBAR
INVESTING
A JOINT EFFORT
THAT'S ENTERTAINMENT
"GEO" PARTY
I'M NO ACQUITTER
    $400 17
Tanzania

Lauren
    $400 18
yield

Lauren
    $400 11
the thumb

Lauren
    $400 12
30 Rock

Lauren
    $400 6
geometry

Lauren
    $400 1
Pontius Pilate

Lauren
    $800 20
Swahili

Ivan
    $800 19
a commodity

Ivan
    $800 25
a ligament

Lauren
    $800 13
Radiohead

Ivan
    $800 7
geographic center

Triple Stumper
    $800 2
the Tower of London

Lauren
    $1200 21
Vasco da Gama

Lauren
    $1200 22
a hedge

Lauren
    $1200 26
cartilage

Ivan
    $1200 14
Battlestar Galactica

Ivan
    $1200 8
geothermal heat

Lauren
    $1200 3
Belle Starr

Triple Stumper
    $3,000 27
Iran

Ivan
    $1600 23
Nippon

Triple Stumper
    $1600 29
the mandible

Betsy
    $1600 15
Sade

Ivan
    $1600 9
geopolitics

Lauren
    $1600 4
(Betsy: Who is Wyatt Earp?)

Judge Roy Bean

Betsy
Triple Stumper
    $2000 28
the Spice Islands

Lauren
    $2000 24
the benchmark

Triple Stumper
    $4,800 30
(Betsy: What is the hip?)

the shoulder

Betsy
    $2000 16
Kevin Hart

Triple Stumper
    $2000 10
geodes

Ivan
    $2000 5
British Columbia

Triple Stumper

Scores at the end of the Double Jeopardy! Round:

Betsy Lauren Ivan
$0 $14,400 $18,200

[wagering suggestions for these scores]

Final Jeopardy! Round responses

POETS
(Alex: [To Lauren] It's part of his collection Leaves of Grass.)
LaurenWho is Walt Whitman?
$4,000
IvanWho is Walt Whitman?
$5,000
Walt Whitman

Final scores:

Betsy Lauren Ivan
$0 $18,400 $23,200
3rd place: $1,000 2nd place: $2,000 New champion: $23,200

Game dynamics:

Coryat scores:

Betsy Lauren Ivan
$4,800 $15,800 $16,800
8 R,
2 W
(including 1 DD)
23 R,
1 W
(including 1 DD)
18 R
(including 1 DD),
0 W

Combined Coryat: $37,400

The J! Archive is created by fans, for fans. The Jeopardy! game show and all elements thereof, including but not limited to copyright and trademark thereto, are the property of Jeopardy Productions, Inc. and are protected under law. This website is not affiliated with, sponsored by, or operated by Jeopardy Productions, Inc. Join the discussion at JBoard.tv.